000 00545nam a2200217Ia 4500
003 OSt
005 20221005041619.0
006 a|||||r|||| 00| 0
007 ta
008 221004b |||||||| |||| 00| 0 eng d
024 _a115561
037 _cTextual
040 _aCRL
_cCRL
_beng
041 _2eng
_aeng
100 _aSingh Vijay pal
245 0 _aKeshav ka Archaryatv
260 _aDelhi
_bRajpal and sons India
_c1968
650 _aHINDI LITERATURE
_923866
942 _cTEXL
_2cc
999 _c948822
_d948822